Memoirs of a professional cad.

Bibliographic Details
Main Author: Sanders, George, 1906-1972
Format: Book
Language:English
Published: New York : Putnam, [1960]
Subjects:

MARC

Tag First Indicator Second Indicator Subfields
LEADER 00000cam a2200000 4500
001 in00000176713
005 20151008082251.0
008 721024s1960 nyua 00000aeng d
010 |a  59011028  
035 |a (OCoLC)00475650 
035 |9 AAT5601AM 
040 |c OUN  |d TXA  |d UtOrBLW 
049 |a TXAM  |c [319105] 
050 0 |a PN2287.S27  |b A3 
082 0 |a 927.92 
100 1 |a Sanders, George,  |d 1906-1972. 
245 1 0 |a Memoirs of a professional cad. 
264 1 |a New York :  |b Putnam,  |c [1960] 
300 |a 192 pages :  |b illustrations ;  |c 21 cm. 
336 |a text  |b txt  |2 rdacontent 
337 |a unmediated  |b n  |2 rdamedia 
338 |a volume  |b nc  |2 rdacarrier 
600 1 0 |a Sanders, George,  |d 1906-1972. 
999 |a MARS 
999 f f |s 2efae377-6904-391c-9954-d96914f11bcd  |i da3e25e6-8e05-3c8a-b3b6-31a81ffb6cb6  |t 0 
952 f f |p normal  |a Texas A&M University  |b College Station  |c Sterling C. Evans Library  |d Evans: Library Stacks  |t 0  |e PN2287.S27 A3  |h Library of Congress classification  |i unmediated -- volume  |m A14803705761 
998 f f |a PN2287.S27 A3  |t 0  |l Evans: Library Stacks